| 000 | 00624nam a2200205Ia 4500 | ||
|---|---|---|---|
| 003 | OSt | ||
| 005 | 20250211151831.0 | ||
| 008 | 210210b1991 xxu||||| |||| 00| 0 eng d | ||
| 040 | _cAL | ||
| 041 | _aKannada | ||
| 082 | _aK894.9 HEGM | ||
| 100 |
_aHEGADE (G M). _9135543 _dಹೆಗಡೆ(ಜಿ ಎಂ) |
||
| 245 |
_aMastiyavara vimarshe: ondu adhyayana. _bಮಾಸ್ತಿಯವರ ವಿಮರ್ಶೆ : ಒಂದು ಅಧ್ಯಯನ |
||
| 260 |
_aDharavada _bShrimata Prakashana _c1991 |
||
| 300 | _a360 | ||
| 650 |
_aMasti _9135544 |
||
| 690 |
_aKannada Criticism _9135545 |
||
| 906 | _a045364 | ||
| 942 |
_2ddc _cBK |
||
| 999 |
_c95104 _d95104 |
||